Anatomía comparada

Saved in:
Bibliografiske detaljer
Hovedforfatter: Montagna, William (autor)
Format: Bog
Sprog:spansk
Udgivet: Barcelona Omega 1964
Fag:
Tags: Tilføj Tag
Ingen Tags, Vær først til at tagge denne postø!

MARC

LEADER 00000nam a2200000 a 4500
001 UCT1881
003 CL-VaPUC
008 961004e19640000SP |||||||||||||||||spa|d
082 0 4 |a 611  |b MON  |2 21 
100 |a Montagna, William  |e autor  |9 370888 
245 1 0 |a Anatomía comparada 
300 |a 379 p 
942 |c BK 
945 |d 19961004 00:00:00  |a cmena 
260 |a Barcelona  |b Omega  |c 1964 
650 0 |a Anatomía  |9 261202 
650 0 |a Desarrollo físico  |9 334273 
650 0 |a Sistema gastrointestinal  |9 370873 
650 0 |a Aparato digestivo  |9 269553 
650 7 |a SISTEMA CARDIOVASCULAR  |2 CL-VaPUC  |9 329868 
650 7 |a SISTEMA ESQUELETO MUSCULO  |2 CL-VaPUC  |9 334277 
650 0 |a Sistema nervioso  |9 266815 
650 7 |a SISTEMA ENDOCRINO  |2 CL-VaPUC  |9 329871 
583 |a last modification  |c 19961004 00:00:00  |k Rodrigo Vera 
999 |c 252234  |d 252232 
952 |0 0  |1 0  |4 0  |6 611_000000000000000_MON_1964  |7 0  |8 A  |9 271975  |a BIBCUR  |b BIBCUR  |d 2019-11-19  |i 175548K  |o 611 MON 1964  |p 175548K  |r 2025-04-22  |w 2019-11-19  |y BK  |k BCB